Misteri alam ghaib 1 : Iktibar kisah jin, syaitan & iblis

Bibliographic Details
Main Author: Mohd. Hafizuddin
Format: Book
Published: Kuala Lumpur : Jasmin Enterprise , 2001
Subjects:

MARC

LEADER 00000cam a2200000 7i4500
001 0000014208
005 20080225.0
008 080225
020 |a 9832087635 
090 0 0 |a 297.217   |b MOH 
100 0 |a Mohd. Hafizuddin 
245 1 0 |a Misteri alam ghaib 1 :   |b Iktibar kisah jin, syaitan & iblis   |c Mohd. Hafizuddin 
246 0 0 |a Misteri alam ghaib 1   |b Iktibar kish jin, syaitan dan iblis 
260 |a Kuala Lumpur :   |b Jasmin Enterprise ,   |c 2001 
650 0 |a Devil   |x Islam 
650 0 |a Jinn 
740 0 |a Misteri alam ghaib 1:Iktibar kisah jin, syaitan dan iblis 
999 |a 0001007192   |b Book   |c Adult Collection   |e Perbadanan Perpustakaan Awam Johor 
999 |a 0001007193   |b Book   |c Adult Collection   |e Perbadanan Perpustakaan Awam Johor 
999 |a 0001007194   |b Book   |c Adult Collection   |e Perbadanan Perpustakaan Awam Johor